| 000 | 00539nam a22001697a 4500 | ||
|---|---|---|---|
| 999 |
_c60508 _d60508 |
||
| 005 | 20230809161521.0 | ||
| 008 | 230809s1979 pl ||||| |||| 00| 0 pol d | ||
| 041 | _apol | ||
| 080 | _a069+7 B-15 | ||
| 100 |
_a Bernhard, Maria Ludwika _919643 |
||
| 245 |
_aOlimpia / _ctekst Maria Ludwika Bernhard; zdj. Andrzej Dziewanowski. |
||
| 264 |
_a Warszawa : _bWydawnictwo Arkady, _c 1979. |
||
| 300 |
_a89 p.: _bill.; _c28 cm. |
||
| 653 | _aოლიმპია | ||
| 700 |
_aDziewanowski, Andrzej _eავტორი _919644 |
||
| 942 |
_2udc _cBK |
||